[Event "CRO-chT Cup 22nd"]
[Site "Bol"]
[Date "2013.05.23"]
[Round "3.13"]
[White "Jovanic, Ognjen"]
[Black "Cvorovic, Drazen"]
[Result "1-0"]
[WhiteElo "2535"]
[BlackElo "2437"]
[PlyCount "139"]
[EventDate "2013.05.22"]
[EventType "team"]
[EventRounds "6"]
[EventCountry "CRO"]
[SourceTitle "CBM 154 Extra"]
[Source "ChessBase"]
[SourceDate "2013.06.25"]
[SourceVersion "2"]
[SourceVersionDate "2013.06.25"]
[SourceQuality "1"]
[WhiteTeam "Rijeka Liburnija"]
[BlackTeam "Mravince"]
[WhiteTeamCountry "CRO"]
[BlackTeamCountry "CRO"]

1. d4 Nf6 2. c4 g6 3. Nc3 Bg7 4. Nf3 0-0 5. Bg5 c5 6. d5 d6 7. e3 Na6 8. Nd2 Nc7 9. Be2 Rb8 10. a4 a6 11. a5 b5 12. axb6 Rxb6 13. Ra2 h6 14. Bh4 Bd7 15. 0-0 Qb8 16. Qc1 Qb7 17. Rd1 Rb8 18. b3 Qc8 19. h3 Qe8 20. Bg3 Kh7 21. Qc2 Qh8 22. Rc1 Nfe8 23. Bd3 Kg8 24. Ne2 Ra8 25. Ra5 h5 26. Bh4 Bf6 27. Bxf6 exf6 28. e4 h4 29. f4 Rab8 30. Qc3 Qh5 31. Ra3 g5 32. fxg5 Qxg5 33. Kh1 Ng7 34. Bc2 Nh5 35. Rf1 Ne8 36. Nf3 Ng3+ 37. Nxg3 Qxg3 38. Qe1 Qxe1 39. Rxe1 Nc7 40. Nxh4 Re8 41. g4 Kg7 42. Kg2 Rbb8 43. Kg3 f5 44. gxf5 Kf6 45. Nf3 Rg8+ 46. Kf2 Rh8 47. Rh1 Rbg8 48. Raa1 Bc8 49. h4 Na8 50. Rhg1 Nb6 51. Ke3 Rxg1 52. Rxg1 Nd7 53. Kf4 Ne5 54. Nxe5 dxe5+ 55. Kg3 Rg8+ 56. Kf2 Rxg1 57. Kxg1 a5 58. Kf2 Bd7 59. Kg3 Kg7 60. f6+ Kxf6 61. Bd1 Ke7 62. Bg4 Be8 63. h5 f5 64. exf5 Kf6 65. h6 a4 66. bxa4 Bxa4 67. d6 Bc6 68. h7 Kg7 69. f6+ Kxh7 70. d7 1-0

[Event "CRO-Cup 20th"]
[Site "Sibenik"]
[Date "2011.05.19"]
[Round "2.34"]
[White "Drmic, Tomislav"]
[Black "Cvorovic, Drazen"]
[Result "0-1"]
[WhiteElo "2280"]
[BlackElo "2451"]
[PlyCount "108"]
[EventDate "2011.05.18"]
[EventType "team-swiss"]
[EventRounds "6"]
[EventCountry "CRO"]
[SourceTitle "CBM 142 Extra"]
[Source "ChessBase"]
[SourceDate "2011.06.27"]
[SourceVersion "1"]
[SourceVersionDate "2011.06.27"]
[SourceQuality "1"]
[WhiteTeam "Djakovo"]
[BlackTeam "Mravince"]
[WhiteTeamCountry "CRO"]
[BlackTeamCountry "CRO"]

1. e4 c6 2. d4 d5 3. f3 g6 4. Nc3 Bg7 5. Be3 b5 6. Qd2 e6 7. 0-0-0 Nd7 8. h4 Nb6 9. exd5 Nxd5 10. Nxd5 Qxd5 11. Kb1 Ne7 12. g4 e5 13. dxe5 Be6 14. Qxd5 Nxd5 15. Bc5 Bxe5 16. Nh3 h6 17. Bd3 0-0-0 18. Rhe1 Bf6 19. g5 Bc3 20. Rh1 Bxh3 21. Rxh3 hxg5 22. Rdh1 Bb4 23. Bd4 Rxh4 24. Rxh4 gxh4 25. Rxh4 c5 26. a3 Be1 27. Rh1 cxd4 28. Rxe1 a6 29. Re5 Kc7 30. Be4 Nf6 31. Bd3 Kd6 32. Re1 Re8 33. Rf1 Re3 34. Kc1 Nh5 35. f4 Ng3 36. Rf2 Ke6 37. a4 bxa4 38. Bxa6 Re1+ 39. Kd2 Rb1 40. Kd3 Rxb2 41. Kxd4 a3 42. Bc4+ Kf6 43. Rf3 Nf5+ 44. Kc3 Rxc2+ 45. Kb4 a2 46. Ra3 Rf2 47. Bxa2 Rxf4+ 48. Kc5 g5 49. Ra6+ Kg7 50. Kd5 Ne7+ 51. Ke5 Ng6+ 52. Kd5 g4 53. Ra3 Kf6 54. Bb1 Kg5 0-1

[Event "CRO-chT1A 18th"]
[Site "Sibenik"]
[Date "2009.09.21"]
[Round "1"]
[White "Doric, Darko"]
[Black "Cvorovic, Drazen"]
[Result "1/2-1/2"]
[WhiteElo "2456"]
[BlackElo "2453"]
[PlyCount "197"]
[EventDate "2009.09.21"]
[EventType "team-tourn"]
[EventRounds "9"]
[EventCountry "CRO"]
[SourceTitle "CBM 132 Extra"]
[Source "ChessBase"]
[SourceDate "2009.11.03"]
[SourceVersion "1"]
[SourceVersionDate "2009.11.03"]
[SourceQuality "1"]

1. d4 Nf6 2. c4 g6 3. Nc3 Bg7 4. e4 0-0 5. Nf3 d6 6. Be2 Bg4 7. Be3 Nfd7 8. Rc1 c5 9. d5 Na6 10. 0-0 Nc7 11. h3 Bxf3 12. Bxf3 Rb8 13. Be2 a6 14. a4 Re8 15. Qd2 e6 16. Rce1 exd5 17. exd5 f5 18. Kh1 Ne5 19. g3 Qd7 20. f4 Nf7 21. b3 Re7 22. Bd3 Rbe8 23. Bf2 Kf8 24. Kg2 Rxe1 25. Rxe1 Qd8 26. Rxe8+ Nxe8 27. Be1 Qf6 28. Qe3 Bh8 29. Bd2 Bg7 30. g4 fxg4 31. hxg4 Qh4 32. Qh3 Qxh3+ 33. Kxh3 Bd4 34. a5 Kg7 35. Kg3 h6 36. Ne4 Nf6 37. g5 Nd7 38. Bf1 Kf8 39. Bh3 Ke7 40. Be6 hxg5 41. Nxg5 Nxg5 42. fxg5 Be5+ 43. Kf3 Kd8 44. Ke4 Bh2 45. Bf7 Ne5 46. Bg8 Ke7 47. Be6 Nd7 48. Bc3 Bg3 49. Bd2 Be5 50. Kd3 Ke8 51. Bh3 Kd8 52. Bg2 Ke7 53. Be4 Kf7 54. Kc2 Nf8 55. Kd1 Bb2 56. b4 Bd4 57. b5 Nd7 58. Kc2 Be5 59. Bg2 Ke7 60. Kb3 Ke8 61. Be4 Nf8 62. Ka2 Kd7 63. Bc2 Kd8 64. Ka3 Kd7 65. Ba4 Kc7 66. Kb3 Kc8 67. Kc2 Kc7 68. Kd3 Nd7 69. Ke2 Kc8 70. Bc2 Nf8 71. Kf3 Kc7 72. Kg4 Kd7 73. Kh4 Kd8 74. Kh3 Kd7 75. Kg4 Kd8 76. Bf4 Bxf4 77. Kxf4 axb5 78. cxb5 b6 79. a6 Kc7 80. Ke3 Kb8 81. Bb1 Ka7 82. Bd3 Ka8 83. Bc2 Kb8 84. Bb1 Kc8 85. Bc2 Kc7 86. Bb1 Kb8 87. Bc2 Ka7 88. Bb1 Ka8 89. Bc2 Kb8 90. Bb1 Ka7 91. Bc2 Ka8 92. Bb1 Kb8 93. Bc2 Kc7 94. Bb1 Kc8 95. Bc2 Kb8 96. Bb1 Ka8 97. Bc2 Ka7 98. Bb1 Kb8 99. Bc2 1/2-1/2

[Event "CRO-Cup 18th"]
[Site "Sibenik"]
[Date "2009.05.24"]
[Round "5"]
[White "Cvorovic, Drazen"]
[Black "Mohr, Georg"]
[Result "1/2-1/2"]
[WhiteElo "2452"]
[BlackElo "2496"]
[PlyCount "116"]
[EventDate "2009.05.20"]
[EventType "team-tourn"]
[EventRounds "5"]
[EventCountry "CRO"]
[SourceTitle "CBM 130 Extra"]
[Source "ChessBase"]
[SourceDate "2009.07.02"]
[SourceVersion "2"]
[SourceVersionDate "2009.07.15"]
[SourceQuality "1"]

1. Nf3 g6 2. g3 Bg7 3. d4 c5 4. e3 Nf6 5. Bg2 0-0 6. 0-0 d5 7. Nbd2 Qb6 8. c3 Nc6 9. a4 Re8 10. a5 Qb5 11. Re1 cxd4 12. Bf1 d3 13. Nb3 Bf5 14. Nfd4 Nxd4 15. Nxd4 Qd7 16. Nxf5 gxf5 17. Qxd3 a6 18. Rd1 Rac8 19. Bg2 e6 20. Bd2 Rc5 21. Be1 Qc7 22. Qb1 Rc8 23. Ra4 Ng4 24. Qa2 Ne5 25. b3 Nd7 26. c4 dxc4 27. Rxc4 Rxc4 28. bxc4 Nc5 29. Qb1 h6 30. Bb4 b6 31. Bxc5 bxc5 32. Qb6 Bc3 33. Qxa6 Bxa5 34. Bf3 Rd8 35. Rxd8+ Qxd8 36. Bh5 Bc7 37. Qa7 Qe7 38. Kg2 Kg7 39. Kf1 Bd6 40. Qa6 Be5 41. Ke2 Qd6 42. Qb5 Bf6 43. f4 Qc7 44. Kf2 Qa7 45. Qe8 Qe7 46. Qc8 Qa7 47. Kg2 Qa2+ 48. Kg1 Qb1+ 49. Kf2 Qa2+ 50. Be2 Qa7 51. Qc6 Bc3 52. Qg2 Qa1 53. Qf3 Bd2 54. h3 Qe1+ 55. Kg2 Qc1 56. e4 Be3 57. h4 Qg1+ 58. Kh3 Qf2 1/2-1/2

[Event "CRO-chT1A 17th"]
[Site "Sibenik"]
[Date "2008.10.02"]
[Round "6"]
[White "Cvorovic, Drazen"]
[Black "Novak, Ratko"]
[Result "1-0"]
[WhiteElo "2459"]
[BlackElo "2233"]
[PlyCount "83"]
[EventDate "2008.09.27"]
[EventType "team"]
[EventRounds "9"]
[EventCountry "CRO"]
[SourceTitle "CBM 126 Extra"]
[Source "ChessBase"]
[SourceDate "2008.11.05"]
[SourceVersion "1"]
[SourceVersionDate "2008.11.05"]
[SourceQuality "1"]

1. Nf3 d5 2. g3 Bg4 3. d4 Bxf3 4. exf3 c5 5. dxc5 e6 6. Be3 Nc6 7. c3 a5 8. Bb5 Nge7 9. Qa4 Qc7 10. Nd2 Nf5 11. Nb3 Be7 12. Nd4 Nxe3 13. fxe3 0-0 14. Bxc6 bxc6 15. Qxc6 Qe5 16. Kf2 Rfc8 17. Qa4 Bxc5 18. Rae1 Qf6 19. Kg2 e5 20. Nb3 Bb6 21. Re2 Rc4 22. Qb5 Qe6 23. Rd1 Rd8 24. Red2 d4 25. cxd4 exd4 26. Nxd4 Bxd4 27. exd4 Rcc8 28. d5 Qf5 29. Qxa5 h5 30. Qb4 g5 31. Qe4 Qf6 32. d6 Rd7 33. a4 Rcd8 34. Qc6 g4 35. a5 gxf3+ 36. Qxf3 Qe5 37. Qd5 Qe3 38. Qxh5 Qe4+ 39. Qf3 Qb4 40. Rd4 Qxb2+ 41. R1d2 Qb7 42. Qxb7 1-0

[Event "CRO-chT1A 17th"]
[Site "Sibenik"]
[Date "2008.09.29"]
[Round "3"]
[White "Cvorovic, Drazen"]
[Black "Sulava, Nenad"]
[Result "0-1"]
[WhiteElo "2459"]
[BlackElo "2492"]
[PlyCount "108"]
[EventDate "2008.09.27"]
[EventType "team"]
[EventRounds "9"]
[EventCountry "CRO"]
[SourceTitle "CBM 126 Extra"]
[Source "ChessBase"]
[SourceDate "2008.11.05"]
[SourceVersion "1"]
[SourceVersionDate "2008.11.05"]
[SourceQuality "1"]

1. Nf3 g6 2. d4 Bg7 3. g3 c5 4. d5 d6 5. Bg2 b5 6. 0-0 Nf6 7. Nfd2 0-0 8. a4 b4 9. Re1 Qc7 10. c4 bxc3 11. Nxc3 Na6 12. Nb5 Qd8 13. Nc4 Nb4 14. Bd2 a6 15. Nba3 Rb8 16. Bc3 a5 17. e4 Ba6 18. Nb5 Nd7 19. Bf1 h5 20. Qd2 Kh7 21. f4 Nf6 22. Rad1 h4 23. Qg2 Rh8 24. g4 Bb7 25. Ne3 Na2 26. g5 Nh5 27. Qg4 Nxc3 28. bxc3 Ba6 29. Rc1 Bxb5 30. Bxb5 c4 31. Qxh4 Qc8 32. Qf2 Kg8 33. Ng2 f6 34. gxf6 Nxf6 35. h4 Kh7 36. Qf3 Bh6 37. Rcd1 Rf8 38. Rd4 Qc5 39. Kh1 Rf7 40. f5 Rg8 41. e5 dxe5 42. Rxe5 g5 43. Qe2 Qa3 44. Rxc4 gxh4 45. Rxh4 Qc1+ 46. Kh2 Qg5 47. Rxe7 Rxe7 48. Qxe7+ Rg7 49. Qe2 Qg3+ 50. Kh1 Ng4 51. Kg1 Ne3 52. Rh2 Nxg2 53. Rxg2 Be3+ 54. Kf1 Qh3 0-1

[Event "CRO Cup 17th"]
[Site "Sibenik"]
[Date "2008.05.24"]
[Round "4"]
[White "Cvorovic, Drazen"]
[Black "Bazaj, Ivan"]
[Result "1-0"]
[WhiteElo "2451"]
[BlackElo "2273"]
[PlyCount "76"]
[EventDate "2008.05.21"]
[EventType "swiss"]
[EventRounds "5"]
[EventCountry "CRO"]
[SourceTitle "CBM 124 Extra"]
[Source "ChessBase"]
[SourceDate "2008.07.03"]
[SourceVersion "1"]
[SourceVersionDate "2008.07.03"]
[SourceQuality "1"]

1. Nf3 Nf6 2. g3 g6 3. Bg2 Bg7 4. 0-0 0-0 5. d4 d5 6. b3 Ne4 7. c4 c6 8. Bb2 Nd7 9. Nc3 Nxc3 10. Bxc3 Nf6 11. cxd5 cxd5 12. Rc1 Ne4 13. Qd3 Qb6 14. Ne5 Nxc3 15. Qxc3 Be6 16. Qc5 Rfc8 17. Qxe7 Qxd4 18. Nd3 Qb6 19. Nf4 Bf8 20. Qf6 Bg7 21. Qh4 Rxc1 22. Rxc1 Qd6 23. Rd1 Qe5 24. Nxe6 fxe6 25. e3 Bf6 26. Qa4 Qc7 27. Bh3 Kf7 28. e4 d4 29. Qb4 Rd8 30. Bf1 b6 31. Bc4 a5 32. Qd2 Qc5 33. Qd3 Rb8 34. a4 Re8 35. Kg2 Kg7 36. h4 e5 37. h5 g5 38. Rc1 Rf8 1-0

[Event "CRO-chT"]
[Site "Sibenik"]
[Date "2007.10.17"]
[Round "5"]
[White "Saric, Ante"]
[Black "Cvorovic, Drazen"]
[Result "1/2-1/2"]
[WhiteElo "2441"]
[BlackElo "2437"]
[PlyCount "34"]
[EventDate "2007.10.13"]
[EventType "team"]
[EventRounds "9"]
[EventCountry "CRO"]
[SourceTitle "EXT 2008"]
[Source "ChessBase"]
[SourceDate "2007.11.25"]
[SourceVersion "1"]
[SourceVersionDate "2007.11.25"]
[SourceQuality "1"]

1. e4 c5 2. Nf3 e6 3. d4 cxd4 4. Nxd4 Nf6 5. Nc3 d6 6. g4 h6 7. g5 hxg5 8. Bxg5 a6 9. Bg2 Qb6 10. Nb3 Qc7 11. Qe2 Nbd7 12. 0-0-0 Rb8 13. Rde1 b5 14. Nd5 Qc4 15. Nxf6+ gxf6 16. Bd2 Qxe2 17. Rxe2 Bb7 1/2-1/2

[Event "CRO-chT"]
[Site "Sibenik"]
[Date "2007.10.16"]
[Round "4"]
[White "Cvorovic, Drazen"]
[Black "Rogulj, Branko"]
[Result "1/2-1/2"]
[WhiteElo "2437"]
[BlackElo "2386"]
[PlyCount "41"]
[EventDate "2007.10.13"]
[EventType "team"]
[EventRounds "9"]
[EventCountry "CRO"]
[SourceTitle "EXT 2008"]
[Source "ChessBase"]
[SourceDate "2007.11.25"]
[SourceVersion "1"]
[SourceVersionDate "2007.11.25"]
[SourceQuality "1"]

1. Nf3 Nf6 2. g3 g6 3. Bg2 Bg7 4. 0-0 0-0 5. d4 d5 6. b3 Ne4 7. c4 c6 8. Bb2 Nd7 9. cxd5 cxd5 10. Nc3 Nxc3 11. Bxc3 Nf6 12. Rc1 Ne4 13. e3 Bg4 14. Qd3 Bxf3 15. Bxf3 Nxc3 16. Rxc3 e6 17. Rfc1 Qb6 18. Rc5 a6 19. Kg2 Rfd8 20. a4 Bf8 21. R5c2 1/2-1/2

[Event "CRO-chT"]
[Site "Sibenik"]
[Date "2007.10.15"]
[Round "3"]
[White "Cvorovic, Drazen"]
[Black "Ascic, Pero"]
[Result "1-0"]
[WhiteElo "2437"]
[BlackElo "2394"]
[PlyCount "121"]
[EventDate "2007.10.13"]
[EventType "team"]
[EventRounds "9"]
[EventCountry "CRO"]
[SourceTitle "EXT 2008"]
[Source "ChessBase"]
[SourceDate "2007.11.25"]
[SourceVersion "1"]
[SourceVersionDate "2007.11.25"]
[SourceQuality "1"]

1. Nf3 Nf6 2. g3 b6 3. Bg2 Bb7 4. 0-0 e6 5. c4 Be7 6. d4 d5 7. Ne5 0-0 8. b3 c6 9. a4 a5 10. Nc3 Na6 11. Bf4 Rc8 12. Rc1 Nb4 13. e4 Ba6 14. exd5 exd5 15. Bh3 Ra8 16. Re1 Bc8 17. Bg2 Be6 18. cxd5 Nfxd5 19. Nxd5 Bxd5 20. Bxd5 Qxd5 21. Nc4 Qd8 22. Nxb6 Ra7 23. Nc4 Rd7 24. Qe2 Bf6 25. Be5 Bxe5 26. Nxe5 Rxd4 27. Nxc6 Nxc6 28. Rxc6 Rd3 29. Qc2 g6 30. Rc5 Qd4 31. Qc4 Rb8 32. Qxd4 Rxd4 33. Re3 Rdb4 34. Rcc3 h5 35. h4 Rd4 36. Red3 Re4 37. Kf1 Kg7 38. Re3 Reb4 39. Ke2 R8b7 40. Kd2 R4b6 41. Kc2 Kf6 42. Rc5 Ra6 43. Rec3 Re7 44. Rc6+ Re6 45. Rxa6 Rxa6 46. Rc5 Ke6 47. Kc3 Kd6 48. Kc4 Ra8 49. f4 Ra7 50. f5 gxf5 51. Rxf5 Ke6 52. Rxh5 f5 53. Rg5 Rc7+ 54. Kd4 Rd7+ 55. Kc3 Rc7+ 56. Kb2 Rd7 57. g4 f4 58. Rf5 Rd4 59. h5 Re4 60. h6 Re2+ 61. Ka3 1-0

[Event "CRO-chT 15th"]
[Site "Sibenik"]
[Date "2006.09.27"]
[Round "6"]
[White "Jurkovic, Hrvoje"]
[Black "Cvorovic, Drazen"]
[Result "1/2-1/2"]
[WhiteElo "2438"]
[BlackElo "2421"]
[PlyCount "60"]
[EventDate "2006.09.22"]
[EventType "team"]
[EventRounds "11"]
[EventCountry "CRO"]
[SourceTitle "CBM 114 Extra"]
[Source "ChessBase"]
[SourceDate "2006.11.03"]
[SourceVersion "1"]
[SourceVersionDate "2006.11.03"]
[SourceQuality "1"]

1. e4 c6 2. d4 d5 3. Nc3 dxe4 4. Nxe4 Nf6 5. Nxf6+ exf6 6. Be3 Bd6 7. Bd3 Nd7 8. Ne2 0-0 9. Qd2 Re8 10. 0-0-0 b5 11. Bf4 Nb6 12. Bxd6 Qxd6 13. Qf4 Qd5 14. Nc3 Qg5 15. Qxg5 fxg5 16. Ne4 h6 17. Nd6 Rd8 18. Nxc8 Raxc8 19. Be4 Kf8 20. Rhe1 Rd6 21. c3 g6 22. g3 g4 23. Bg2 Rf6 24. Re2 c5 25. h3 b4 26. cxb4 cxb4+ 27. Kb1 gxh3 28. Bxh3 Rd8 29. Bg2 Rfd6 30. Red2 Nc4 1/2-1/2

[Event "CRO-chT 15th"]
[Site "Sibenik"]
[Date "2006.09.25"]
[Round "4"]
[White "Sulava, Nenad"]
[Black "Cvorovic, Drazen"]
[Result "1/2-1/2"]
[WhiteElo "2489"]
[BlackElo "2421"]
[PlyCount "77"]
[EventDate "2006.09.22"]
[EventType "team"]
[EventRounds "11"]
[EventCountry "CRO"]
[SourceTitle "CBM 114 Extra"]
[Source "ChessBase"]
[SourceDate "2006.11.03"]
[SourceVersion "1"]
[SourceVersionDate "2006.11.03"]
[SourceQuality "1"]

1. e4 c6 2. c4 e5 3. Nf3 Nf6 4. Nc3 d6 5. d4 Nbd7 6. Be2 Be7 7. 0-0 0-0 8. Qc2 Qc7 9. Rd1 a6 10. Bg5 Re8 11. Rac1 Nf8 12. h3 Ng6 13. Bf1 b6 14. b4 h6 15. Be3 Bb7 16. c5 bxc5 17. bxc5 exd4 18. Nxd4 dxc5 19. Nb3 c4 20. Nc5 Bc8 21. Bxc4 Qe5 22. Nd3 Qh5 23. Nf4 Nxf4 24. Bxf4 Ba3 25. Rb1 Qg6 26. Kh2 Bc5 27. Bg3 Nh5 28. Na4 Bf8 29. Nb6 Ra7 30. Nxc8 Rxc8 31. Rb3 Nxg3 32. Rxg3 Bd6 33. Rxd6 Qxd6 34. Qc3 Qf8 35. Qe3 Rd7 36. Qxh6 Rd4 37. Bb3 Rd3 38. Qf4 Rxg3 39. Qxg3 1/2-1/2

[Event "CRO Cup"]
[Site "Sibenik"]
[Date "2006.05.14"]
[Round "5"]
[White "Cvorovic, Drazen"]
[Black "Prlac, Vedran"]
[Result "1-0"]
[WhiteElo "2430"]
[BlackElo "2139"]
[PlyCount "77"]
[EventDate "2006.05.10"]
[EventType "team"]
[EventRounds "5"]
[EventCountry "CRO"]
[SourceTitle "CBM 112 Extra"]
[Source "ChessBase"]
[SourceDate "2006.07.14"]
[SourceVersion "1"]
[SourceVersionDate "2006.07.14"]
[SourceQuality "1"]

1. Nf3 Nf6 2. g3 g6 3. Bg2 Bg7 4. 0-0 0-0 5. d4 d6 6. a4 a5 7. b3 c6 8. Bb2 Na6 9. Na3 Qc7 10. Re1 Rd8 11. e4 Bg4 12. h3 Bxf3 13. Qxf3 e5 14. dxe5 dxe5 15. Nc4 Nd7 16. Red1 Nf8 17. Rxd8 Rxd8 18. Rd1 Rxd1+ 19. Qxd1 Ne6 20. Qd6 Qxd6 21. Nxd6 Nec5 22. Bf1 Bf8 23. Nxb7 Nxb7 24. Bxa6 Nc5 25. Bd3 Bd6 26. Bc1 Ne6 27. Bd2 Bc7 28. Kf1 Kf8 29. Bc4 Nc5 30. f3 Ke7 31. Ke2 Nb7 32. h4 Nd6 33. Kd3 c5 34. g4 Kf6 35. Bh6 Ke7 36. Bd5 Bb6 37. Bg7 f6 38. h5 Ne8 39. h6 1-0

[Event "CRO Cup"]
[Site "Sibenik"]
[Date "2006.05.13"]
[Round "4"]
[White "Cvorovic, Drazen"]
[Black "Yagiz, Yasin Emrah"]
[Result "0-1"]
[WhiteElo "2430"]
[BlackElo "2279"]
[PlyCount "66"]
[EventDate "2006.05.10"]
[EventType "team"]
[EventRounds "5"]
[EventCountry "CRO"]
[SourceTitle "CBM 112 Extra"]
[Source "ChessBase"]
[SourceDate "2006.07.14"]
[SourceVersion "1"]
[SourceVersionDate "2006.07.14"]
[SourceQuality "1"]

1. Nf3 e6 2. g3 b6 3. Bg2 Bb7 4. 0-0 Nf6 5. c4 c5 6. b3 Be7 7. Bb2 0-0 8. Qc2 Nc6 9. a3 d5 10. e3 Rc8 11. d3 Rc7 12. Nbd2 Qa8 13. cxd5 Nxd5 14. Ne4 h6 15. Rfd1 Rd8 16. g4 f5 17. gxf5 exf5 18. Ng3 f4 19. Nf5 fxe3 20. Nxg7 Nd4 21. Nxd4 cxd4 22. Bxd5+ Rxd5 23. Qxc7 Rg5+ 24. Kf1 Bh1 25. Qf4 Bd6 26. Qf6 Be5 27. Nh5 Bxf6 28. Nxf6+ Kf7 29. Ne4 Bxe4 30. Bxd4 Bg2+ 31. Ke1 exf2+ 32. Bxf2 Qf3 33. Bg3 Qe3# 0-1

[Event "Solin 13th"]
[Site "Solin"]
[Date "2005.12.16"]
[Round "9"]
[White "Cvorovic, Drazen"]
[Black "Dizdarevic, Emir"]
[Result "1-0"]
[WhiteElo "2446"]
[BlackElo "2509"]
[PlyCount "87"]
[EventDate "2005.12.09"]
[EventType "tourn"]
[EventRounds "11"]
[EventCountry "CRO"]
[EventCategory "11"]
[SourceTitle "CBM 111"]
[Source "ChessBase"]
[SourceDate "2006.04.04"]
[SourceVersion "1"]
[SourceVersionDate "2006.04.04"]
[SourceQuality "1"]

1. e4 d5 2. exd5 Qxd5 3. Nc3 Qd8 4. g3 g6 5. Bg2 Bg7 6. Nge2 h5 7. h3 Nh6 8. d3 Nf5 9. Bg5 c6 10. a4 a5 11. 0-0 Na6 12. Re1 Nc7 13. Nf4 Ne6 14. Nxe6 Bxe6 15. Ne4 b6 16. c3 Ra7 17. d4 Kf8 18. Qe2 Bd5 19. Kh2 Bf6 20. Bf4 Kg7 21. Red1 Rd7 22. Rd2 Re8 23. Re1 Rh8 24. Qa6 Kh7 25. Kg1 Ng7 26. h4 Ne6 27. Be3 Kg7 28. Rde2 Qa8 29. Qd3 Rhd8 30. Bc1 c5 31. Qe3 Kg8 32. dxc5 Nxc5 33. Nxc5 bxc5 34. Bxd5 Qxd5 35. Qe4 Qb3 36. Be3 c4 37. Qc6 Rd5 38. Kg2 R8d6 39. Qe8+ Kg7 40. Bh6+ Kxh6 41. Rxe7 Rf5 42. Rxf7 Rd8 43. Qe3+ g5 44. Rxf6+ 1-0

[Event "Solin 13th"]
[Site "Solin"]
[Date "2005.12.11"]
[Round "3"]
[White "Kovacevic, Blazimir"]
[Black "Cvorovic, Drazen"]
[Result "1-0"]
[WhiteElo "2493"]
[BlackElo "2446"]
[PlyCount "53"]
[EventDate "2005.12.09"]
[EventType "tourn"]
[EventRounds "11"]
[EventCountry "CRO"]
[EventCategory "11"]
[SourceTitle "CBM 111"]
[Source "ChessBase"]
[SourceDate "2006.04.04"]
[SourceVersion "1"]
[SourceVersionDate "2006.04.04"]
[SourceQuality "1"]

1. d4 g6 2. e4 Bg7 3. c4 d6 4. Ne2 Nf6 5. Nbc3 0-0 6. Ng3 Nc6 7. d5 Ne5 8. Be2 e6 9. f4 Ned7 10. 0-0 exd5 11. cxd5 Re8 12. Bf3 h5 13. Re1 Nb6 14. h3 c6 15. dxc6 bxc6 16. e5 Nfd5 17. Nxd5 Nxd5 18. exd6 Rxe1+ 19. Qxe1 Bd4+ 20. Kh2 Qxd6 21. Qe4 Nf6 22. Qxc6 Ng4+ 23. hxg4 Qe7 24. g5 Rb8 25. Ne4 Qb4 26. Bd2 Qxb2 27. Bc3 1-0

[Event "Solin 13th"]
[Site "Solin"]
[Date "2005.12.10"]
[Round "2"]
[White "Cvorovic, Drazen"]
[Black "Jovanic, Ognjen"]
[Result "0-1"]
[WhiteElo "2446"]
[BlackElo "2469"]
[PlyCount "78"]
[EventDate "2005.12.09"]
[EventType "tourn"]
[EventRounds "11"]
[EventCountry "CRO"]
[EventCategory "11"]
[SourceTitle "CBM 111"]
[Source "ChessBase"]
[SourceDate "2006.04.04"]
[SourceVersion "1"]
[SourceVersionDate "2006.04.04"]
[SourceQuality "1"]

1. Nf3 d5 2. g3 Nf6 3. Bg2 c6 4. 0-0 Bg4 5. d3 e6 6. c4 Nbd7 7. Nc3 Bc5 8. Qb3 Qb6 9. Qc2 Qa6 10. b3 Rc8 11. Rb1 Be7 12. Re1 b5 13. Nd2 Nb6 14. Nd1 bxc4 15. bxc4 0-0 16. Bf1 dxc4 17. dxc4 Rfd8 18. e4 Qa5 19. Qc3 Qh5 20. Ne3 Bc5 21. Bg2 Bd4 22. Qa3 Nbd7 23. Rb7 Ne5 24. f4 Nf3+ 25. Nxf3 Bxf3 26. e5 Ne4 27. Qe7 Bxg2 28. Kxg2 Bc5 29. Qh4 Qxh4 30. gxh4 Bb6 31. f5 Nc5 32. Re7 Nd3 33. Rf1 Nxc1 34. fxe6 Bxe3 35. exf7+ Kf8 36. Rb7 Nd3 37. e6 Bc5 38. h5 Be7 39. h6 g5 0-1

[Event "Cvitanovic Memorial-A 10th"]
[Site "Split"]
[Date "2005.05.01"]
[Round "2"]
[White "Videki, Sandor"]
[Black "Cvorovic, Drazen"]
[Result "0-1"]
[WhiteElo "2405"]
[BlackElo "2450"]
[PlyCount "80"]
[EventDate "2005.04.30"]
[EventType "tourn"]
[EventRounds "9"]
[EventCountry "CRO"]
[EventCategory "6"]
[SourceTitle "CBM 106 Extra"]
[Source "ChessBase"]
[SourceDate "2005.07.01"]
[SourceVersion "1"]
[SourceVersionDate "2005.07.01"]
[SourceQuality "1"]

1. e4 c6 2. d4 d5 3. Nc3 dxe4 4. Nxe4 Nf6 5. Nxf6+ exf6 6. c3 Bd6 7. Bd3 Be6 8. Ne2 Qc7 9. Qc2 Nd7 10. c4 c5 11. d5 Bg4 12. h3 Bxe2 13. Qxe2+ Kf8 14. 0-0 h5 15. f4 Re8 16. Qf2 g6 17. Bd2 Kg7 18. Rae1 Qd8 19. Bc2 Rxe1 20. Rxe1 Re8 21. a3 Rxe1+ 22. Qxe1 Qb8 23. Qe3 b5 24. cxb5 c4 25. Kh1 Qxb5 26. f5 g5 27. Bc3 Be5 28. Qxa7 Qxd5 29. Qe3 Bxc3 30. Qxc3 Ne5 31. b3 cxb3 32. Bxb3 Qb5 33. Kg1 Nd3 34. Qc4 Qb6+ 35. Kh1 Ne5 36. Qc2 Qe3 37. a4 Qe1+ 38. Kh2 g4 39. hxg4 Nxg4+ 40. Kh3 h4 0-1

[Event "Solin 12th"]
[Site "Solin/Split"]
[Date "2004.12.07"]
[Round "5"]
[White "Romanishin, Oleg M"]
[Black "Cvorovic, Drazen"]
[Result "1-0"]
[WhiteElo "2543"]
[BlackElo "2441"]
[PlyCount "71"]
[EventDate "2004.12.03"]
[EventType "tourn"]
[EventRounds "9"]
[EventCountry "CRO"]
[EventCategory "10"]
[SourceTitle "CBM 105"]
[Source "ChessBase"]
[SourceDate "2005.04.11"]
[SourceVersion "1"]
[SourceVersionDate "2005.04.11"]
[SourceQuality "1"]

1. d4 Nf6 2. Nf3 e6 3. g3 d5 4. Bg2 Be7 5. c4 0-0 6. 0-0 a5 7. Nc3 Ne4 8. Ne5 f6 9. Nd3 f5 10. Bf4 dxc4 11. Ne5 Nd6 12. e4 Nd7 13. Qe2 Nb6 14. Rad1 fxe4 15. Nxe4 Nd5 16. Bc1 b5 17. Nc5 Nf5 18. Nc6 Qd6 19. Nxe7+ Qxe7 20. Qe5 Qd6 21. Rfe1 Rb8 22. Nxe6 Bxe6 23. Qxe6+ Qxe6 24. Rxe6 Nb4 25. Be4 Nd6 26. Bb1 Rbe8 27. Re5 Nc6 28. Rc5 Nxd4 29. Rxc7 Ne2+ 30. Kf1 Nf5 31. Bxf5 Rxf5 32. Be3 Rxe3 33. Rd8+ Rf8 34. Rxf8+ Kxf8 35. fxe3 Nc1 36. a4 1-0

[Event "CRO-chT"]
[Site "Rabac"]
[Date "2004.09.09"]
[Round "5.6"]
[White "Cvorovic, Drazen"]
[Black "Mestrovic, Zvonimir"]
[Result "0-1"]
[WhiteElo "2441"]
[BlackElo "2376"]
[PlyCount "50"]
[EventDate "2004.09.05"]
[EventType "team"]
[EventRounds "9"]
[EventCountry "CRO"]
[SourceTitle "CBM 102 Extra"]
[Source "ChessBase"]
[SourceDate "2004.11.03"]
[SourceVersion "1"]
[SourceVersionDate "2004.11.03"]
[SourceQuality "1"]
[WhiteTeam "Mravince"]
[BlackTeam "Bibinje Goran"]
[WhiteTeamCountry "CRO"]
[BlackTeamCountry "CRO"]

1. d4 Nc6 2. c3 e5 3. dxe5 Nxe5 4. Nf3 Nxf3+ 5. exf3 Bc5 6. Bd3 Qe7+ 7. Be2 Nf6 8. 0-0 0-0 9. Bd3 d5 10. a4 Be6 11. Nd2 Bd6 12. Re1 c5 13. Nf1 Qc7 14. Bg5 Nd7 15. Bc2 Rfe8 16. Qd2 Nf8 17. Re2 f6 18. Bh4 Bf7 19. Rae1 Rxe2 20. Rxe2 Rd8 21. Bg3 d4 22. cxd4 cxd4 23. Be4 Ng6 24. Re1 Bf4 25. Rc1 Qxc1 0-1